| 000 | 00807nab a2200253 4500 | ||
|---|---|---|---|
| 003 | BR-BrBNA | ||
| 005 | 20240925155847.0 | ||
| 008 | 240925b bl.||||| |||| 00| 0 por d | ||
| 040 |
_aBR-BrBNA _bpor |
||
| 072 | _aF01 ; E13 ; E21 | ||
| 100 | _aOliveira, Antônio | ||
| 245 |
_aUm namoro de futuro _bInvestimento |
||
| 500 | _a1 illus. | ||
| 650 | _aCANA-DE-AÇÚCAR | ||
| 650 | _aPRODUÇÃO | ||
| 650 | _aÁLCOOL | ||
| 650 | _aBIOCOMBUSTÍVEL | ||
| 650 | _aINVESTIMENTO | ||
| 650 | _aAGROINDÚSTRIA | ||
| 650 | _aBENEFICIAMENTO | ||
| 773 | 0 |
_04604 _9317176 _dPalmas - Tocantins Terranova Gráfica e Editora Jornalística Ltda 2005 _o2024-3800 _tCerrado Rural Agronegócios (Brazil) _x1980-2595 _gv. 2(5) p. 17-18; (Dec 2004-Jan 2005) _wBR2024002741 |
|
| 942 | _cANA | ||
| 999 |
_c327829 _d327829 |
||